| 000 | 00752nam a2200229Ia 4500 | ||
|---|---|---|---|
| 005 | 20240530110940.0 | ||
| 008 | 140319s2010 xx 000 0 ara d | ||
| 020 | _a9789953822976 | ||
| 040 |
_aGCL / _cGCL |
||
| 082 | 0 | 4 |
_a400.143 / _bم س |
| 100 | 1 | _aمحسن بوعزيزى | |
| 245 | 1 | 0 |
_aالسيميولوجيا الاجتماعية / _cتاليف محسن بوعزيزى |
| 250 | _aالاولى | ||
| 260 |
_aبيروت : _bمركز دراسات الوحدة العربية، _c2010 |
||
| 300 |
_a271 ص ؛ _c24 سم |
||
| 650 | 0 | 4 | _aالاصوات اللغوية |
| 650 | 0 | 4 | _aاللغة، علم |
| 650 | 0 | 4 | _aالسيميولوجيا |
| 651 | _aتونس | ||
| 942 |
_2ddc _cBK |
||
| 999 |
_c66812 _d66812 |
||